000 00914nam a22003017a 4500
003 CHAP
005 20220329134758.0
008 971013s r 00010 d
010 _a25758
011 _a26730
035 _a30831
040 _cCHAP
082 _a378.058
_bI58 1985
110 _aInternational Association of Universities
_959547
245 _aWorld list of universities
250 _a6 ed.
260 _aNew York :
_bStockton,
_c198 -
300 _a615 p
590 _aBATCH-UPD
_b10
_c20130110
_lUCH01
_h2247
590 _aBATCH-UPD
_b10
_c20130410
_lUCH01
_h1541
590 _aBATCH-UPD
_b10
_c20130914
_lUCH01
_h1245
590 _aCONVERSION
_b10
_c20130109
_lUCH01
_h1315
650 1 4 _aEducación superior
_xDirectorios.
_935623
650 1 4 _aUniversidades
_xDirectorios.
_9116616
901 _aBK
942 _cLIBRO
949 _a378.058 I58 1985
_bBC
_cC
_d33724000123048
_eC
_h66286
_i30831
_mD
_si
999 _c25758
_d25758